| 000 | 00519nam a2200157 a 4500 | ||
|---|---|---|---|
| 005 | 20140414131850.0 | ||
| 008 | 100728s19uu xx 00 eng d | ||
| 050 |
_aM 971 _bL75 1989 |
||
| 100 | _aLivesey, Robert | ||
| 245 |
_aThe fur traders / _cRobert Livesey & A.G. Smith. |
||
| 260 |
_aToronto : _bStoddart, _c1989. |
||
| 440 | _aDiscovering Canada | ||
| 650 | _aFur trade --Canada --History --Juvenile literature. | ||
| 650 | _aIndians of North America --Canada --History --Juvenile literature. | ||
| 999 |
_c110146 _d110146 |
||